Normal view
MARC view
- Dr. Shahid Ikramullah Butt
Entry Personal Name
001 - CONTROL NUMBER
- control field: 16240
003 - CONTROL NUMBER IDENTIFIER
- control field: NUST
005 - DATE AND TIME OF LATEST TRANSACTION
- control field: 20190702044112.0
008 - FIXED-LENGTH DATA ELEMENTS
- fixed length control field: 190702|| aca||aabn | a|a d
040 ## - CATALOGING SOURCE
- Original cataloging agency: NUST
- Transcribing agency: NUST
100 ## - HEADING--PERSONAL NAME
- Personal name: Dr. Shahid Ikramullah Butt
670 ## - SOURCE DATA FOUND
- Source citation: Work cat.: (NUST): Naveed Ashraf, Muhammad 16239, PRODUCTIVITY ENHANCEMENT OF MANUFACTURING ENTERPRISES USING INTEGRATED SLP MODELING APPROACH /, 2015.
